| 000 | 00451nam a2200181Ia 4500 | ||
|---|---|---|---|
| 001 | 69410 | ||
| 008 | 151103s9999||||xx |||||||||||||| ||und|| | ||
| 020 | _a9780415609319 | ||
| 040 | _cPK-LaUMT | ||
| 082 |
_a 363.325072 _bCON- |
||
| 100 | _aDolnik, Adam | ||
| 245 |
_aConducting terrorism field research _ba guide _cDolnik, Adam |
||
| 260 |
_aLondon,UK: _bRoutledge, _c2013 |
||
| 300 | _a263 p. | ||
| 546 | _aEN | ||
| 650 | _aTerrorism | ||
| 942 | _cBK | ||
| 999 |
_c78395 _d78395 |
||